• 首页
  • 本馆介绍
  • 公告通知
  • 最新文献
  • 馆藏检索
  • 电子资源
  • 读者导购
  • 参考咨询
  • 我的图书馆
  • 登录
  • 详细信息显示
  • 放入我的书架
  • 预约/预借图书
  • 作者相关作品
  • 分类相关作品
  • 丛书相关作品
  • 出版社相关作品

书目信息

  • 表格格式
  • 工作单格式
  • 卡片格式
题名:
遥感图象获取与分析
    
 
作者: 朱述龙 张占睦
分册:  
出版信息: 北京   科学出版社  2000
页数: 176页
开本: 26cm
丛书名: 图象图形科学丛书
单 册:
中图分类: TP75
科图分类:
主题词: 遥感图象--图象解译 , 遥感图象--图象识别 , 遥感图象--图象处理
电子资源:
ISBN: 7-03-007238-3
000 00702nam0 2200229 450
001 0736196517
005 20070924100316.51
010    @a7-03-007238-3@d¥18.00
100    @a20070924d km y0chiy0120 ea
101 0  @achi
200 1  @a遥感图象获取与分析@Ayao gan tu xiang huo qu yu fen xi@f朱述龙 张占睦@Fzhu shu long zhang zhan mu
210    @a北京@c科学出版社@d2000
215    @a176页@d26cm
225 2  @a图象图形科学丛书
410  0 @12001 @a图象图形科学丛书
606 0  @a遥感图象@x图象解译
606 0  @a遥感图象@x图象识别
606 0  @a遥感图象@x图象处理
690    @aTP75@v3
701  0 @a朱述龙 张占睦@Azhu shu long zhang zhan mu
801  0 @aCN@bPFT@c20070924
905    @a213230@dTP75@eZY9@f1
    
    遥感图象获取与分析/朱述龙 张占睦.-北京:科学出版社,2000
    176页;26cm.-(图象图形科学丛书)
    
    
    ISBN 7-03-007238-3:¥18.00
    
●
相关链接 在E读中查询图书 在五车中查询图书 在当当中查询图书 在豆瓣中查询图书


正题名:遥感图象获取与分析     索取号:TP75/ZY9         预约/预借

序号 登录号 条形码 馆藏地/架位号 状态 备注
1 7900624   279006246   密集书库-资源管理系/ [索取号:TP75/ZY9] 在馆    
唐山师范学院图书馆 欢迎您!
大连网信软件有限公司© 版权所有